000 00684nam a22002057a 4500
005 20251108172033.0
008 250721s1992 xx 000 0 ara d
082 1 4 _a536.5/سين
100 1 _aسيندان، وكير
245 1 0 _aالحرارة التطبيقية للمهندسين /
264 1 _aالموصل :
_bجامعة الموصل،
_c1992.
300 _a540ص
650 1 7 _aالحرارة
650 1 7 _aالهندسة الحرارية
700 1 _aالعلي، برهان محمود أحمد
_eترجمة
700 1 _aمصطفى، بهجت مجيد
_eترجمة
700 1 _aفتح، دريد عبد الله
_eترجمة
942 _2ddc
_cBK
999 _c68832
_d68832